000
00314nam a22001337a 4500
008
170421b xxu||||| |||| 00| 0 eng d
020
_a
9780838513842
041
_a
eng
080
_a
573
100
_a
11
101
_a
SHM
245
_a
MOLECULAR BASIC OF MEDICAL CELL BIOLOGY
_c
FULLER.G.M
942
_2
udc
_c
BK
999
_c
11422
_d
11422